[Event "EU-ch 16th"]
[Site "Jerusalem"]
[Date "2015.03.08"]
[Round "11"]
[White "Abend, Ilay"]
[Black "Drori, Dan"]
[Result "0-1"]
[WhiteElo "1725"]
[BlackElo "2104"]
[PlyCount "60"]
[EventDate "2015.02.24"]
[EventType "swiss"]
[EventRounds "11"]
[EventCountry "ISR"]
[SourceTitle "CBM 166"]
[Source "ChessBase"]
[SourceDate "2015.05.11"]
[SourceVersion "1"]
[SourceVersionDate "2015.05.11"]
[SourceQuality "1"]

1. e4 g6 2. d4 Bg7 3. Nf3 c5 4. c3 cxd4 5. cxd4 d5 6. e5 Nc6 7. Be3 Bg4 8. Nbd2 f6 9. Qa4 Bd7 10. Qb3 e6 11. exf6 Nxf6 12. Bd3 0-0 13. 0-0 Nh5 14. Qd1 Nf4 15. Nb3 a5 16. Qd2 Nxd3 17. Qxd3 b6 18. a3 Rxf3 19. gxf3 Qh4 20. Rfd1 Rf8 21. Kf1 Qh3+ 22. Ke1 Rxf3 23. a4 Nb4 24. Qc3 Bh6 25. Nd2 Rxe3+ 26. fxe3 Bxe3 27. Nf1 Qh4+ 28. Ng3 Qxh2 29. Nh1 Nc2+ 30. Kf1 e5 0-1

[Event "EU-ch 16th"]
[Site "Jerusalem"]
[Date "2015.02.27"]
[Round "4"]
[White "Birnboim, Nathan"]
[Black "Drori, Dan"]
[Result "1-0"]
[WhiteElo "2347"]
[BlackElo "2104"]
[PlyCount "83"]
[EventDate "2015.02.24"]
[EventType "swiss"]
[EventRounds "11"]
[EventCountry "ISR"]
[SourceTitle "CBM 166"]
[Source "ChessBase"]
[SourceDate "2015.05.11"]
[SourceVersion "1"]
[SourceVersionDate "2015.05.11"]
[SourceQuality "1"]

1. d4 Nf6 2. Bg5 d5 3. Bxf6 gxf6 4. e3 Bf5 5. Ne2 c5 6. dxc5 Qa5+ 7. Nbc3 e6 8. Nd4 Bg6 9. Bb5+ Nd7 10. a3 Qc7 11. b4 Be7 12. h4 h5 13. Bd3 f5 14. g3 Ne5 15. Bb5+ Kf8 16. Nce2 Kg7 17. Nf4 Kh6 18. Be2 Ng4 19. Qd2 Nf6 20. e4 Kh7 21. exf5 Bxf5 22. Nxf5 exf5 23. Qd4 Rad8 24. Bd3 Ne4 25. Nxd5 Qd7 26. c4 Qe6 27. 0-0 Bxh4 28. gxh4 Rhg8+ 29. Kh2 Rg4 30. Bxe4 Rxh4+ 31. Kg3 fxe4 32. f3 Rh3+ 33. Kf2 Rh2+ 34. Ke3 Qh6+ 35. f4 Qg6 36. Rg1 Rh3+ 37. Ke2 Rg3 38. Rxg3 Qxg3 39. Rg1 Rxd5 40. cxd5 Qf3+ 41. Kd2 e3+ 42. Qxe3 1-0

[Event "Maccabiah GM"]
[Site "Jerusalem"]
[Date "2005.07.17"]
[Round "6"]
[White "Gershkowich, David"]
[Black "Drori, Dan"]
[Result "0-1"]
[WhiteElo "2340"]
[BlackElo "2242"]
[PlyCount "112"]
[EventDate "2005.07.10"]
[EventType "tourn"]
[EventRounds "9"]
[EventCountry "ISR"]
[EventCategory "4"]
[SourceTitle "CBM 107 Extra"]
[Source "ChessBase"]
[SourceDate "2005.09.01"]
[SourceVersion "1"]
[SourceVersionDate "2005.09.01"]
[SourceQuality "1"]

1. e4 c5 2. Nf3 d6 3. d4 cxd4 4. Nxd4 Nf6 5. Nc3 a6 6. Bg5 e6 7. f4 Qc7 8. Bxf6 gxf6 9. Qd2 Nc6 10. 0-0-0 Bd7 11. Bc4 Nxd4 12. Qxd4 Qc5 13. Qd3 b5 14. Bb3 b4 15. Ne2 Bb5 16. Qf3 a5 17. Nd4 a4 18. Bxe6 fxe6 19. Nxe6 Qc4 20. Qh5+ Ke7 21. Rd4 Qxe6 22. Qxb5 Bh6 23. g3 Rhb8 24. Qh5 Qe5 25. Rd5 Qxe4 26. Qd1 Rc8 27. Re1 Rxc2+ 28. Qxc2 Qxe1+ 29. Rd1 Qe3+ 30. Kb1 Bf8 31. Qc7+ Ke6 32. Qc4+ Kd7 33. Rc1 Qb6 34. Qe4 Ra5 35. Re1 Qb8 36. Qxh7+ Kc6 37. Qf7 Qc8 38. g4 f5 39. g5 a3 40. g6 Qa6 41. Qe8+ Kc7 42. Rd1 Qc6 43. Qf7+ Kb6 44. Re1 Qd5 45. Qxd5 Rxd5 46. bxa3 bxa3 47. Rg1 Bg7 48. h4 Rd2 49. Rg3 Rb2+ 50. Kc1 Rxa2 51. h5 Ra1+ 52. Kc2 a2 53. Kb3 Rh1 54. Kxa2 Rxh5 55. Kb3 Rh4 56. Kc4 Kc6 0-1

[Event "Maccabiah GM"]
[Site "Jerusalem"]
[Date "2005.07.13"]
[Round "3"]
[White "Drori, Dan"]
[Black "Grunberg, Mihai Lucian"]
[Result "0-1"]
[WhiteElo "2242"]
[BlackElo "2418"]
[PlyCount "66"]
[EventDate "2005.07.10"]
[EventType "tourn"]
[EventRounds "9"]
[EventCountry "ISR"]
[EventCategory "4"]
[SourceTitle "CBM 107 Extra"]
[Source "ChessBase"]
[SourceDate "2005.09.01"]
[SourceVersion "1"]
[SourceVersionDate "2005.09.01"]
[SourceQuality "1"]

1. e4 g6 2. d4 Bg7 3. Nc3 d6 4. f4 a6 5. Nf3 b5 6. a4 b4 7. Nd5 Bb7 8. c4 c5 9. dxc5 dxc5 10. Qc2 e6 11. Ne3 b3 12. Qb1 Nc6 13. Ra3 Nd4 14. Nxd4 Bxd4 15. Rxb3 Bc6 16. Ra3 Rb8 17. a5 Qc7 18. Nd1 Qe7 19. Bd3 Nf6 20. Nc3 0-0 21. Qc2 Rfd8 22. h4 Ng4 23. Nd1 h5 24. Kf1 Bg7 25. Qe2 e5 26. Nc3 exf4 27. Bc2 Qc7 28. Rh3 Bd4 29. Nd5 Bxd5 30. cxd5 Bxb2 31. Bxb2 Rxb2 32. Rhb3 Ne3+ 33. Rxe3 fxe3 0-1